Исследование каталитической олигомеризации побочных продуктов пиролиза; Известия Томского политехнического университета [Известия ТПУ]; Т. 318, № 3 : Химия

書目詳細資料
Parent link:Известия Томского политехнического университета [Известия ТПУ]/ Томский политехнический университет (ТПУ).— , 2000-
Т. 318, № 3 : Химия.— 2011.— [С. 73-74]
主要作者: Лымарева А. В. Александра Владимировна
其他作者: Фитерер Е. П. Елена Петровна, Похарукова Ю. Е.
總結:Заглавие с титульного листа
Электронная версия печатной публикации
С целью получения олигомерных пленкообразующих исследован процесс каталитической олигомеризации непредельных соединений фракции С9 - побочных продуктов производства ОАО "Ангарский завод полимеров". Исследованы физико-химические характеристики полученных олигомеров.
語言:俄语
出版: 2011
叢編:Химия
主題:
在線閱讀:http://www.lib.tpu.ru/fulltext/v/Bulletin_TPU/2011/v318/i3/15.pdf
格式: 電子 Book Chapter
KOHA link:https://koha.lib.tpu.ru/cgi-bin/koha/opac-detail.pl?biblionumber=198757

MARC

LEADER 00000nla2a2200000 4500
001 198757
005 20231031184057.0
035 |a (RuTPU)RU\TPU\book\216769 
035 |a RU\TPU\book\216765 
090 |a 198757 
100 |a 20110707d2011 k y0rusy50 ca 
101 0 |a rus 
102 |a RU 
135 |a drnn ---uucaa 
181 0 |a i  
182 0 |a b 
200 1 |a Исследование каталитической олигомеризации побочных продуктов пиролиза  |b Электронный ресурс  |f А. В. Лымарева, Е. П. Фитерер, Ю. Е. Похарукова 
203 |a Текст  |c электронный 
215 |a 1 файл (130 Кб) 
225 1 |a Химия 
230 |a Электронные текстовые данные (1 файл : 130 Кб) 
300 |a Заглавие с титульного листа 
300 |a Электронная версия печатной публикации 
320 |a [Библиогр.: с. 74 (12 назв.)] 
330 |a С целью получения олигомерных пленкообразующих исследован процесс каталитической олигомеризации непредельных соединений фракции С9 - побочных продуктов производства ОАО "Ангарский завод полимеров". Исследованы физико-химические характеристики полученных олигомеров. 
337 |a Adobe Reader 
461 1 |0 (RuTPU)RU\TPU\book\176237  |t Известия Томского политехнического университета [Известия ТПУ]  |f Томский политехнический университет (ТПУ)  |d 2000- 
463 1 |0 (RuTPU)RU\TPU\book\216295  |y 1684-8519  |t Т. 318, № 3 : Химия  |v [С. 73-74]  |d 2011  |p 164 с. 
610 1 |a каталитическая олигомеризация 
610 1 |a пиролиз 
610 1 |a побочные продукты 
610 1 |a тетрахлорид титана 
610 1 |a треххлористый алюминий 
610 1 |a оксид пропилена 
610 1 |a труды учёных ТПУ 
610 1 |a электронный ресурс 
700 1 |a Лымарева  |b А. В.  |c химик  |c магистрант Томского политехнического университета  |f 1988-  |g Александра Владимировна  |2 stltpush  |3 (RuTPU)RU\TPU\pers\28570 
701 1 |a Фитерер  |b Е. П.  |c российский химик-органик  |c старший преподаватель Томского политехнического университета, кандидат химических наук  |f 1974-  |g Елена Петровна  |2 stltpush  |3 (RuTPU)RU\TPU\pers\25650 
701 1 |a Похарукова  |b Ю. Е. 
801 1 |a RU  |b 63413507  |c 20090623  |g PSBO 
801 2 |a RU  |b 63413507  |c 20211227  |g PSBO 
856 4 |u http://www.lib.tpu.ru/fulltext/v/Bulletin_TPU/2011/v318/i3/15.pdf 
942 |c CF